Listening in the language classroom

Saved in:
Bibliographic Details
Main Author: Field, John (Author)
Format: Book
Language:Spanish
Published: Cambridge Cambridge University 2008
Edition:1a. ed
Series:Cambridge Language Teaching Library
Subjects:
Tags: Add Tag
No Tags, Be the first to tag this record!

MARC

LEADER 00000nam a2200000 a 4500
001 UCH8629
003 CL-VaPUC
008 091203e20080000uk |||||||||||||||||spa|d
020 |a 9780521685702 
082 0 4 |a 428.0071  |b FIE  |2 21 
100 0 |a Field, John  |e author  |9 545316 
245 1 0 |a Listening in the language classroom 
250 |a 1a. ed 
300 |a 366 p 
942 |c BK 
945 |d 20091203 00:00:00  |a rbrito 
260 |a Cambridge  |b Cambridge University  |c 2008 
650 0 |a Lenguaje y lenguas  |9 265846 
650 0 |a Enseñanza del inglés  |9 367340 
650 0 |a Enseñanza de idiomas  |9 339820 
583 |a last modification  |c 20170823 05:17:56  |k Rodrigo Vera 
490 0 |a Cambridge Language Teaching Library 
999 |c 338839  |d 338837 
952 |0 0  |1 0  |4 0  |6 428_007100000000000_FIE_2008  |7 0  |8 A  |9 431981  |a BIBEDU  |b BIBEDU  |d 2019-11-22  |i 4621689  |o 428.0071 FIE 2008  |p 4621689  |r 2019-11-22  |w 2019-11-22  |y BK  |k LIT 
952 |0 0  |1 0  |4 0  |6 428_007100000000000_FIE_2008  |7 0  |8 A  |9 431982  |a BIBEDU  |b BIBEDU  |d 2019-11-22  |i 4621697  |o 428.0071 FIE 2008  |p 4621697  |r 2019-11-22  |w 2019-11-22  |y BK  |k LIT